000 00634nam a2200241Ia 4500
003 OSt
005 20220927112844.0
006 a|||||r|||| 00| 0
007 ta
008 220926b |||||||| |||| 00| 0 eng d
024 _a152171
037 _cReports
040 _aRTL
_cRTL
_beng
041 _2eng
_aeng
082 _a"X.21.N7s, L2/GD"
110 _a"Tamil Nadu, Finance (Deptt of-)"
245 3 _aAn economic appraisal 1971-72
260 _c1972
300 _a326p
_ccm.
700 _a"Tamil Nadu, Finance (Deptt of-)"
942 _h"X.21.N7s, L2/GD"
_cCC
999 _c700791
_d700791